Library of the University of Algiers 3
Ibrahim Sultan Cheibout
شعار جامعة الجزائر 3
مكتبة جامعة الجزائر 3
إبراهيم سلطان شيبوط

دليل صحة المديرين في مواجهة ضغوط العمل والحياة / (رقم التسجيلة. 43008)

تفاصيل مارك
000 -LEADER
fixed length control field 01636nam a2200241Ia 4500
003 - CONTROL NUMBER IDENTIFIER
control field Ost
005 - DATE AND TIME OF LATEST TRANSACTION
control field 20260507075115.0
008 - FIXED-LENGTH DATA ELEMENTS--GENERAL INFORMATION
fixed length control field 260507s9999||||xx |||||||||||||| ||und||
020 ## - INTERNATIONAL STANDARD BOOK NUMBER
International Standard Book Number 1775621977
040 ## - CATALOGING SOURCE
Transcribing agency fsecg
041 ## - LANGUAGE CODE
Language code of text/sound track or separate title ara
082 ## - DEWEY DECIMAL CLASSIFICATION NUMBER
Classification number 658.409
100 ## - MAIN ENTRY--PERSONAL NAME
Personal name س.اليوت، د.روبرت
Relator term مؤلف
245 #0 - TITLE STATEMENT
Title دليل صحة المديرين في مواجهة ضغوط العمل والحياة /
Statement of responsibility, etc. د.روبرت س.اليوت
260 ## - PUBLICATION, DISTRIBUTION, ETC.
Place of publication, distribution, etc. القاهرة:
Name of publisher, distributor, etc. مركز الخبرات المهنية للإدارة بميك,
Date of publication, distribution, etc. 1998
300 ## - PHYSICAL DESCRIPTION
Extent 406 صفحة؛
Other physical details إيضاحات ؛
Dimensions 24 سم
490 ## - SERIES STATEMENT
Series statement سلسلة اصدارت بميك
Volume/sequential designation 20
520 ## - SUMMARY, ETC.
Summary, etc. الذين ينفعون دائما من الذين يموتون من الإجهاد العصبي- هل تواجه القاتل الكامن داخل جسمك- كيف يستجيب جسمك للإجهاد العصبي- كل ما يهاجم أجسامنا من الخارج حول الإجهاد العصبي والبيئة- طب الإجهاد العصبي الجديد- تغير الشخصية والعلاج- مؤشرات جودة الحياة- القيم خطوة أساسية نحو علاج الإجهاد العصبي- قوة الإدراك ترويض حديثك مع نفسك- مواجهة ضغوط الحياة الإدارية- إدارة الوقت- التغذية نحو نظام غذائي صحي وسليم- التمرينات البدنية
653 ## - INDEX TERM--UNCONTROLLED
Uncontrolled term الرؤساء والمديرون
653 ## - INDEX TERM--UNCONTROLLED
Uncontrolled term الرؤساء والمديرون- الصحة النفسية
700 ## - ADDED ENTRY--PERSONAL NAME
Personal name إصلاح، أحمد
Relator term مؤلف ثانوي
942 ## - ADDED ENTRY ELEMENTS (KOHA)
Koha item type كتب
المقتنيات
Withdrawn status Lost status Source of classification or shelving scheme Damaged status Not for loan Home library Current library Date acquired Serial enumeration / chronology Inventory number Total checkouts Full call number Barcode Date last seen Price effective from Koha item type
    Dewey Decimal Classification   NOT LOAN / إعارة داخلية مكتبة كلية العلوم الإقتصادية والعلوم التجارية وعلوم التسيير مكتبة كلية العلوم الإقتصادية والعلوم التجارية وعلوم التسيير 07/05/2026 الطابق الأرضي 1921/1   أ/1921ن1 1921/1 07/05/2026 07/05/2026 كتب
    Dewey Decimal Classification   Available مكتبة كلية العلوم الإقتصادية والعلوم التجارية وعلوم التسيير مكتبة كلية العلوم الإقتصادية والعلوم التجارية وعلوم التسيير 07/05/2026 الطابق الأرضي 1921/2   أ/1921ن2 1921/2 07/05/2026 07/05/2026 كتب
    Dewey Decimal Classification   Available مكتبة كلية العلوم الإقتصادية والعلوم التجارية وعلوم التسيير مكتبة كلية العلوم الإقتصادية والعلوم التجارية وعلوم التسيير 07/05/2026 الطابق الثاني 1921/3   أ/1921ن3 1921/3 07/05/2026 07/05/2026 كتب
    Dewey Decimal Classification   Available مكتبة كلية العلوم الإقتصادية والعلوم التجارية وعلوم التسيير مكتبة كلية العلوم الإقتصادية والعلوم التجارية وعلوم التسيير 07/05/2026 الطابق الثاني 1921/4   أ/1921ن4 1921/4 07/05/2026 07/05/2026 كتب

موارد الويب المفتوحة


© University of Algiers 3 All Rights Reserved
|
Implemented by LECHELAH Riad